Kỹ thuật sinh sản và nuôi cá tra : Pangasianodon hypophthalmus (Sauvage 1878)

Salvato in:
Dettagli Bibliografici
Autore principale: Nguyễn, Chung
Natura: Libro
Lingua:Undetermined
Pubblicazione: Tp.Hồ Chí Minh Nông Nghiệp 2007
Soggetti:
Tags: Aggiungi Tag
Nessun Tag, puoi essere il primo ad aggiungerne! !
Thư viện lưu trữ: Trung tâm Học liệu Trường Đại học Cần Thơ
LEADER 00562nam a2200193Ia 4500
001 CTU_127876
008 210402s9999 xx 000 0 und d
020 |c 22000 
082 |a 639.31 
082 |b Ch513 
100 |a Nguyễn, Chung 
245 0 |a Kỹ thuật sinh sản và nuôi cá tra : 
245 0 |b Pangasianodon hypophthalmus (Sauvage 1878) 
260 |a Tp.Hồ Chí Minh 
260 |b Nông Nghiệp 
260 |c 2007 
650 |a Freshwater fishes 
904 |i Tuyến 
980 |a Trung tâm Học liệu Trường Đại học Cần Thơ